<?xml version="1.0" encoding="UTF-8"?>
<record
    xmlns:xsi="http://www.w3.org/2001/XMLSchema-instance"
    xsi:schemaLocation="http://www.loc.gov/MARC21/slim http://www.loc.gov/standards/marcxml/schema/MARC21slim.xsd"
    xmlns="http://www.loc.gov/MARC21/slim">

  <leader>01813nam a22002537a 4500</leader>
  <datafield tag="999" ind1=" " ind2=" ">
    <subfield code="c">8088</subfield>
    <subfield code="d">8088</subfield>
  </datafield>
  <controlfield tag="003">AR-CdUCM</controlfield>
  <controlfield tag="008">190322b           ||||| |||| 00| 0 spa d</controlfield>
  <datafield tag="040" ind1=" " ind2=" ">
    <subfield code="a">MUNICIPALIDAD PROVINCIAL DEL CUSCO</subfield>
    <subfield code="c">BIBLIOTECA MUNICIPAL DEL CUSCO</subfield>
  </datafield>
  <datafield tag="082" ind1=" " ind2=" ">
    <subfield code="a">985.008 /</subfield>
    <subfield code="b">C73</subfield>
  </datafield>
  <datafield tag="100" ind1=" " ind2=" ">
    <subfield code="a">Comisi&#xF3;n Nacional del Sesquicentenario de la Independencia del Per&#xFA;</subfield>
  </datafield>
  <datafield tag="245" ind1=" " ind2=" ">
    <subfield code="a">Relaciones de viajeros /</subfield>
  </datafield>
  <datafield tag="260" ind1=" " ind2=" ">
    <subfield code="a">Lima :</subfield>
    <subfield code="b">Comisi&#xF3;n Nacional del Sesquicentenario de la Independencia del Per&#xFA;,</subfield>
    <subfield code="c">1971.</subfield>
  </datafield>
  <datafield tag="300" ind1=" " ind2=" ">
    <subfield code="a">4 vol&#xFA;menes ;</subfield>
    <subfield code="c">24 cm.</subfield>
  </datafield>
  <datafield tag="440" ind1=" " ind2=" ">
    <subfield code="a">Colecci&#xF3;n documental de la independencia del Per&#xFA;.</subfield>
    <subfield code="9">21856</subfield>
  </datafield>
  <datafield tag="505" ind1=" " ind2=" ">
    <subfield code="a">Contenido: V.1 Impresiones de la lima virreinal en 1805 y 1806, de Amasa Delano - Recorrido por la costa peruana en 1813, de David Porter - Impresiones del Callao y Lima en 1813, de Samuel Johston - Impresiones sobre el Per&#xFA; en 1815, de Juli&#xE1;n Mellet...  -- V.2 Remembranzas de Guayaquil (1822) Lima y Arica, de Gabriel Lafond de Lurcy - El Per&#xFA; entre 1824, de Roberto Proctor - SItuacion del Per&#xFA; en 1823 - Visita de Bolivar en Huaraz - Proceso de la independencia del Per&#xFA; -- V.3 Potosi y Arica  en 1825 y 1826 - Bosquejo del Per&#xFA; entre 1826 y 1827 - Visita a Bolivar en la Magdalena - Memorias sobre las campa&#xF1;as de San Martin y Cochrane en el Per&#xFA; -- V.4 Diario del Per&#xFA; -- Traves&#xED;a del pacifico al atl&#xE1;ntico cruzando los andes por las provincias septentrionales del Per&#xFA; en 1827 - Cartas sobre una visita al Per&#xFA; en 1829 - Lima y Callao en 1814.</subfield>
  </datafield>
  <datafield tag="650" ind1=" " ind2=" ">
    <subfield code="a">Lima y Callao</subfield>
    <subfield code="9">22848</subfield>
  </datafield>
  <datafield tag="650" ind1=" " ind2=" ">
    <subfield code="a">Independencia del Per&#xFA;</subfield>
    <subfield code="9">12556</subfield>
  </datafield>
  <datafield tag="650" ind1=" " ind2=" ">
    <subfield code="a">Puerto del Callao</subfield>
    <subfield code="9">22849</subfield>
  </datafield>
  <datafield tag="650" ind1=" " ind2=" ">
    <subfield code="a">Inquisici&#xF3;n</subfield>
    <subfield code="9">3501</subfield>
  </datafield>
  <datafield tag="650" ind1=" " ind2=" ">
    <subfield code="a">Navegaci&#xF3;n desde Rio de Janeiro</subfield>
    <subfield code="9">22850</subfield>
  </datafield>
  <datafield tag="700" ind1=" " ind2=" ">
    <subfield code="a">Nu&#xF1;ez, Estuardo (estudio preliminar y compilaci&#xF3;n)</subfield>
    <subfield code="9">22851</subfield>
  </datafield>
  <datafield tag="942" ind1=" " ind2=" ">
    <subfield code="2">ddc</subfield>
    <subfield code="c">LIBROS</subfield>
  </datafield>
  <datafield tag="945" ind1=" " ind2=" ">
    <subfield code="a">davv</subfield>
  </datafield>
  <datafield tag="952" ind1=" " ind2=" ">
    <subfield code="0">0</subfield>
    <subfield code="2">ddc</subfield>
    <subfield code="4">0</subfield>
    <subfield code="7">0</subfield>
    <subfield code="a">SH</subfield>
    <subfield code="b">SH</subfield>
    <subfield code="c">REF</subfield>
    <subfield code="d">2019-03-22</subfield>
    <subfield code="g">100.00</subfield>
    <subfield code="o">985.008 / C73 / t.27 / v.1</subfield>
    <subfield code="p">SH0000008889</subfield>
    <subfield code="r">2019-03-22</subfield>
    <subfield code="y">LIBROS</subfield>
  </datafield>
  <datafield tag="952" ind1=" " ind2=" ">
    <subfield code="0">0</subfield>
    <subfield code="2">ddc</subfield>
    <subfield code="4">0</subfield>
    <subfield code="7">0</subfield>
    <subfield code="a">SH</subfield>
    <subfield code="b">SH</subfield>
    <subfield code="c">REF</subfield>
    <subfield code="d">2019-03-22</subfield>
    <subfield code="g">100.00</subfield>
    <subfield code="o">985.008 / C73 / t.27 / v.2</subfield>
    <subfield code="p">SH0000008890</subfield>
    <subfield code="r">2019-03-22</subfield>
    <subfield code="y">LIBROS</subfield>
  </datafield>
  <datafield tag="952" ind1=" " ind2=" ">
    <subfield code="0">0</subfield>
    <subfield code="2">ddc</subfield>
    <subfield code="4">0</subfield>
    <subfield code="7">0</subfield>
    <subfield code="a">SH</subfield>
    <subfield code="b">SH</subfield>
    <subfield code="c">REF</subfield>
    <subfield code="d">2019-03-22</subfield>
    <subfield code="g">100.00</subfield>
    <subfield code="o">985.008 / C73 / t.27 / v.3</subfield>
    <subfield code="p">SH0000008891</subfield>
    <subfield code="r">2019-03-22</subfield>
    <subfield code="y">LIBROS</subfield>
  </datafield>
  <datafield tag="952" ind1=" " ind2=" ">
    <subfield code="0">0</subfield>
    <subfield code="2">ddc</subfield>
    <subfield code="4">0</subfield>
    <subfield code="7">0</subfield>
    <subfield code="a">SH</subfield>
    <subfield code="b">SH</subfield>
    <subfield code="c">REF</subfield>
    <subfield code="d">2019-03-22</subfield>
    <subfield code="g">100.00</subfield>
    <subfield code="o">985.008 / C73 / t.27 / v.4</subfield>
    <subfield code="p">SH0000008892</subfield>
    <subfield code="r">2019-03-22</subfield>
    <subfield code="y">LIBROS</subfield>
  </datafield>
  <datafield tag="952" ind1=" " ind2=" ">
    <subfield code="0">0</subfield>
    <subfield code="2">ddc</subfield>
    <subfield code="4">0</subfield>
    <subfield code="7">0</subfield>
    <subfield code="a">SH</subfield>
    <subfield code="b">SH</subfield>
    <subfield code="c">REF</subfield>
    <subfield code="d">2019-03-22</subfield>
    <subfield code="g">100.00</subfield>
    <subfield code="o">985.008 / C73 / t.27 / v.1 / e.2</subfield>
    <subfield code="p">SH0000008893</subfield>
    <subfield code="r">2019-03-22</subfield>
    <subfield code="t">e.2</subfield>
    <subfield code="y">LIBROS</subfield>
  </datafield>
  <datafield tag="952" ind1=" " ind2=" ">
    <subfield code="0">0</subfield>
    <subfield code="2">ddc</subfield>
    <subfield code="4">0</subfield>
    <subfield code="7">0</subfield>
    <subfield code="a">SH</subfield>
    <subfield code="b">SH</subfield>
    <subfield code="c">REF</subfield>
    <subfield code="d">2019-03-22</subfield>
    <subfield code="g">100.00</subfield>
    <subfield code="o">985.008 / C73 / t.27 / v.1 / e.3</subfield>
    <subfield code="p">SH0000008894</subfield>
    <subfield code="r">2019-03-22</subfield>
    <subfield code="t">e.3</subfield>
    <subfield code="y">LIBROS</subfield>
  </datafield>
  <datafield tag="952" ind1=" " ind2=" ">
    <subfield code="0">0</subfield>
    <subfield code="2">ddc</subfield>
    <subfield code="4">0</subfield>
    <subfield code="7">0</subfield>
    <subfield code="a">SH</subfield>
    <subfield code="b">SH</subfield>
    <subfield code="c">REF</subfield>
    <subfield code="d">2019-03-22</subfield>
    <subfield code="g">100.00</subfield>
    <subfield code="o">985.008 / C73 / t.27 / v.2 / e.2</subfield>
    <subfield code="p">SH0000008896</subfield>
    <subfield code="r">2019-03-22</subfield>
    <subfield code="t">e.2</subfield>
    <subfield code="y">LIBROS</subfield>
  </datafield>
  <datafield tag="952" ind1=" " ind2=" ">
    <subfield code="0">0</subfield>
    <subfield code="2">ddc</subfield>
    <subfield code="4">0</subfield>
    <subfield code="7">0</subfield>
    <subfield code="a">SH</subfield>
    <subfield code="b">SH</subfield>
    <subfield code="c">REF</subfield>
    <subfield code="d">2019-03-22</subfield>
    <subfield code="g">100.00</subfield>
    <subfield code="o">985.008 / C73 / t.27 / v.2 / e.3</subfield>
    <subfield code="p">SH0000008895</subfield>
    <subfield code="r">2019-03-22</subfield>
    <subfield code="t">e.3</subfield>
    <subfield code="y">LIBROS</subfield>
  </datafield>
  <datafield tag="952" ind1=" " ind2=" ">
    <subfield code="0">0</subfield>
    <subfield code="2">ddc</subfield>
    <subfield code="4">0</subfield>
    <subfield code="7">0</subfield>
    <subfield code="a">SH</subfield>
    <subfield code="b">SH</subfield>
    <subfield code="c">REF</subfield>
    <subfield code="d">2019-03-22</subfield>
    <subfield code="g">100.00</subfield>
    <subfield code="o">985.008 / C73 / t.27 / v.3 / e.2</subfield>
    <subfield code="p">SH0000008897</subfield>
    <subfield code="r">2019-03-22</subfield>
    <subfield code="t">e.2</subfield>
    <subfield code="y">LIBROS</subfield>
  </datafield>
  <datafield tag="952" ind1=" " ind2=" ">
    <subfield code="0">0</subfield>
    <subfield code="2">ddc</subfield>
    <subfield code="4">0</subfield>
    <subfield code="7">0</subfield>
    <subfield code="a">SH</subfield>
    <subfield code="b">SH</subfield>
    <subfield code="c">REF</subfield>
    <subfield code="d">2019-03-22</subfield>
    <subfield code="g">100.00</subfield>
    <subfield code="o">985.008 / C73 / t.27 / v.3 / e.3</subfield>
    <subfield code="p">SH0000008898</subfield>
    <subfield code="r">2019-03-22</subfield>
    <subfield code="t">e.3</subfield>
    <subfield code="y">LIBROS</subfield>
  </datafield>
  <datafield tag="952" ind1=" " ind2=" ">
    <subfield code="0">0</subfield>
    <subfield code="2">ddc</subfield>
    <subfield code="4">0</subfield>
    <subfield code="7">0</subfield>
    <subfield code="a">SH</subfield>
    <subfield code="b">SH</subfield>
    <subfield code="c">REF</subfield>
    <subfield code="d">2019-03-22</subfield>
    <subfield code="g">100.00</subfield>
    <subfield code="o">985.008 / C73 / t.27 / v.4 / e.2</subfield>
    <subfield code="p">SH0000008899</subfield>
    <subfield code="r">2019-03-22</subfield>
    <subfield code="t">e.2</subfield>
    <subfield code="y">LIBROS</subfield>
  </datafield>
  <datafield tag="952" ind1=" " ind2=" ">
    <subfield code="0">0</subfield>
    <subfield code="2">ddc</subfield>
    <subfield code="4">0</subfield>
    <subfield code="7">0</subfield>
    <subfield code="a">SH</subfield>
    <subfield code="b">SH</subfield>
    <subfield code="c">REF</subfield>
    <subfield code="d">2019-05-03</subfield>
    <subfield code="g">100.00</subfield>
    <subfield code="o">985.008/C73/t.27/v.4/e.3</subfield>
    <subfield code="p">SH0000011573</subfield>
    <subfield code="r">2019-05-03</subfield>
    <subfield code="y">LIBROS</subfield>
  </datafield>
</record>
